[Event "MCR druzstev mladsich zaku 2016"]
[Site "Hradec Kralove"]
[Date "2016.06.12"]
[Round "9.10"]
[White "Odstrcil (BSS F-M \"B\"), Lukas"]
[Black "Dolensky (Novy Bor), Filip"]
[Result "0-1"]
[BlackElo "1572"]
[WhiteElo "1520"]
[LiveChessVersion "1.4.8"]

1. e4 {[%clk 0:25:18]} c5 {[%clk 0:25:10]} 2. Nf3 {[%clk 0:25:24]} e6
{[%clk 0:25:11]} 3. d4 {[%clk 0:25:29]} cxd4 {[%clk 0:25:09]} 4. Nxd4
{[%clk 0:25:36]} a6 {[%clk 0:25:10]} 5. Nc3 {[%clk 0:25:28]} Qc7 {[%clk 0:24:54]}
6. Bd3 {[%clk 0:24:37]} Nf6 {[%clk 0:24:46]} 7. O-O {[%clk 0:24:33]} b5
{[%clk 0:24:39]} 8. Re1 {[%clk 0:24:08]} Bb7 {[%clk 0:24:35]} 9. e5
{[%clk 0:23:01]} Nd5 {[%clk 0:24:29]} 10. Nxd5 {[%clk 0:22:40]} Bxd5
{[%clk 0:24:37]} 11. Be4 {[%clk 0:22:39]} Bxe4 {[%clk 0:24:21]} 12. Rxe4
{[%clk 0:22:43]} Nc6 {[%clk 0:24:06]} 13. Nxc6 {[%clk 0:22:30]} Qxc6
{[%clk 0:24:08]} 14. Qd3 {[%clk 0:22:25]} Be7 {[%clk 0:24:02]} 15. Be3
{[%clk 0:22:08]} O-O {[%clk 0:24:01]} 16. Rg4 {[%clk 0:21:56]} f5
{[%clk 0:23:12]} 17. exf6 {[%clk 0:21:42]} Bxf6 {[%clk 0:23:19]} 18. c3
{[%clk 0:21:40]} d5 {[%clk 0:22:31]} 19. Re1 {[%clk 0:20:30]} e5 {[%clk 0:21:58]}
20. Rd1 {[%clk 0:20:03]} Rad8 {[%clk 0:20:45]} 21. Bg5 {[%clk 0:19:27]} e4
{[%clk 0:20:24]} 22. Qd2 {[%clk 0:19:06]} Qe6 {[%clk 0:20:09]} 23. Bxf6
{[%clk 0:18:25]} Qxf6 {[%clk 0:20:08]} 24. Qe3 {[%clk 0:17:56]} Qe6
{[%clk 0:18:26]} 25. Qg3 {[%clk 0:17:24]} g6 {[%clk 0:18:17]} 26. Rf4
{[%clk 0:16:48]} Rf5 {[%clk 0:17:18]} 27. Qg4 {[%clk 0:16:06]} Rdf8
{[%clk 0:16:40]} 28. g3 {[%clk 0:13:12]} h5 {[%clk 0:15:52]} 29. Qh3
{[%clk 0:12:54]} e3 {[%clk 0:14:07]} 30. Rxf5 {[%clk 0:08:01]} Rxf5
{[%clk 0:14:12]} 31. Qh4 {[%clk 0:07:53]} exf2+ {[%clk 0:14:12]} 32. Kf1
{[%clk 0:07:56]} Qe4 {[%clk 0:12:02]} 33. Qd8+ {[%clk 0:06:34]} Kg7
{[%clk 0:11:36]} 34. Qd7+ {[%clk 0:06:18]} Kh6 {[%clk 0:11:38]} 35. Qd8
{[%clk 0:06:12]} Qh1+ {[%clk 0:11:44]} 36. Ke2 {[%clk 0:06:21]} f1=Q+
{[%clk 0:11:51]} 37. Rxf1 {[%clk 0:06:29]} Qxf1+ {[%clk 0:11:59]} 38. Ke3
{[%clk 0:06:36]} Qf3+ {[%clk 0:12:05]} 39. Kd4 {[%clk 0:06:42]} Qe4+
{[%clk 0:12:07]} 40. Kc5 {[%clk 0:06:49]} Qc4+ {[%clk 0:12:09]} 41. Kd6
{[%clk 0:06:56]} Qe4 {[%clk 0:10:33]} 42. Qh8+ {[%clk 0:06:50]} Kg5
{[%clk 0:10:34]} 43. Qd8+ {[%clk 0:06:39]} Rf6+ {[%clk 0:10:35]} 44. h4+
{[%clk 0:06:38]} Kf5+ {[%clk 0:10:08]} 45. Qc8+ {[%clk 0:06:43]} Qe6+
{[%clk 0:10:16]} 46. Qxe6+ {[%clk 0:06:51]} Rxe6+ {[%clk 0:10:25]} 47. Kxd5
{[%clk 0:07:00]} Re2 {[%clk 0:10:31]} 48. Kc5 {[%clk 0:07:06]} Rxb2
{[%clk 0:10:38]} 49. a3 {[%clk 0:07:14]} Rb3 {[%clk 0:10:38]} 50. c4
{[%clk 0:07:22]} bxc4 {[%clk 0:10:46]} 51. Kxc4 {[%clk 0:07:31]} Rxa3
{[%clk 0:10:54]} 52. Kb4 {[%clk 0:07:38]} Rxg3 {[%clk 0:11:02]} 53. Ka5
{[%clk 0:07:47]} g5 {[%clk 0:11:09]} 54. hxg5 {[%clk 0:07:55]} Kxg5
{[%clk 0:11:17]} 55. Kxa6 {[%clk 0:08:03]} h4 {[%clk 0:11:26]} 56. Kb7
{[%clk 0:08:11]} h3 {[%clk 0:11:35]} 57. Kc7 {[%clk 0:08:19]} h2 {[%clk 0:11:44]}
58. Kd7 {[%clk 0:08:28]} h1=R {[%clk 0:11:52]} 59. Ke7 {[%clk 0:08:35]} Rf3
{[%clk 0:11:58]} 60. Ke6 {[%clk 0:08:44]} Re1+ {[%clk 0:12:07]} 61. Kd5
{[%clk 0:08:52]} Rd3+ {[%clk 0:12:16]} 62. Kc4 {[%clk 0:09:01]} Rd8
{[%clk 0:12:24]} 63. Kc3 {[%clk 0:09:09]} Rc1+ {[%clk 0:12:33]} 64. Kb2
{[%clk 0:09:18]} Rc7 {[%clk 0:12:41]} 65. Kb3 {[%clk 0:09:25]} Rb8+
{[%clk 0:12:50]} 66. Ka3 {[%clk 0:09:34]} Ra7# 0-1

[Event "MCR druzstev mladsich zaku 2016"]
[Site "Hradec Kralove"]
[Date "2016.06.12"]
[Round "9.11"]
[White "Habenicht (Novy Bor), Martin"]
[Black "Dudova (BSS F-M \"B\"), Pavlina"]
[Result "1-0"]
[BlackElo "1472"]
[WhiteElo "1264"]
[LiveChessVersion "1.4.8"]

1. d4 {[%clk 0:25:18]} d5 {[%clk 0:25:19]} 2. Nc3 {[%clk 0:25:26]} Nf6
{[%clk 0:25:22]} 3. Bg5 {[%clk 0:25:24]} Nc6 {[%clk 0:25:29]} 4. e3
{[%clk 0:25:35]} a6 {[%clk 0:24:49]} 5. Nf3 {[%clk 0:25:05]} Bg4 {[%clk 0:24:53]}
6. h3 {[%clk 0:23:13]} Bf5 {[%clk 0:24:35]} 7. a3 {[%clk 0:22:30]} g6
{[%clk 0:23:21]} 8. Bxf6 {[%clk 0:22:03]} exf6 {[%clk 0:23:27]} 9. Bd3
{[%clk 0:22:03]} Be6 {[%clk 0:23:22]} 10. Ne2 {[%clk 0:20:54]} Bg7
{[%clk 0:23:18]} 11. Ng3 {[%clk 0:20:25]} O-O {[%clk 0:22:55]} 12. O-O
{[%clk 0:20:23]} Qd6 {[%clk 0:16:05]} 13. Qe2 {[%clk 0:19:21]} Rfe8
{[%clk 0:15:02]} 14. c4 {[%clk 0:17:51]} dxc4 {[%clk 0:14:35]} 15. Bxc4
{[%clk 0:17:58]} Bxc4 {[%clk 0:14:42]} 16. Qxc4 {[%clk 0:18:06]} b5
{[%clk 0:12:26]} 17. Qc5 {[%clk 0:17:21]} Qxc5 {[%clk 0:12:27]} 18. dxc5
{[%clk 0:17:29]} f5 {[%clk 0:12:03]} 19. Rab1 {[%clk 0:16:36]} Rad8
{[%clk 0:11:29]} 20. b4 {[%clk 0:16:13]} Rd3 {[%clk 0:11:04]} 21. Rfd1
{[%clk 0:15:47]} Rxa3 {[%clk 0:10:36]} 22. Nd4 {[%clk 0:14:42]} Nxd4
{[%clk 0:10:33]} 23. exd4 {[%clk 0:14:50]} Rd8 {[%clk 0:10:09]} 24. Ne2
{[%clk 0:14:19]} Ra2 {[%clk 0:09:51]} 25. Kf1 {[%clk 0:14:18]} Re8
{[%clk 0:09:52]} 26. Nc3 {[%clk 0:14:04]} Rc2 {[%clk 0:09:47]} 27. Rd3
{[%clk 0:13:09]} Bxd4 {[%clk 0:09:08]} 28. Nxb5 {[%clk 0:12:48]} Rxf2+
{[%clk 0:09:03]} 29. Kg1 {[%clk 0:12:36]} axb5 {[%clk 0:09:00]} 30. Rxd4
{[%clk 0:12:18]} Rfe2 {[%clk 0:08:13]} 31. Rd7 {[%clk 0:12:07]} R2e7
{[%clk 0:08:12]} 32. Rbd1 {[%clk 0:11:57]} Rxd7 {[%clk 0:07:55]} 33. Rxd7
{[%clk 0:12:05]} Rc8 {[%clk 0:08:02]} 34. Kf2 {[%clk 0:12:12]} Kf8
{[%clk 0:08:11]} 35. c6 {[%clk 0:12:15]} Re8 {[%clk 0:06:37]} 36. Rxc7
{[%clk 0:12:12]} Re7 {[%clk 0:05:46]} 37. Rb7 {[%clk 0:12:16]} Re6
{[%clk 0:05:11]} 38. c7 {[%clk 0:12:16]} Rc6 {[%clk 0:04:40]} 39. Rb8+
{[%clk 0:12:22]} Ke7 {[%clk 0:04:19]} 40. c8=Q {[%clk 0:12:25]} Rxc8
{[%clk 0:04:24]} 41. Rxc8 {[%clk 0:12:24]} Kd7 {[%clk 0:04:22]} 42. Rc5
{[%clk 0:12:41]} Kd6 {[%clk 0:04:13]} 43. Rxb5 {[%clk 0:12:49]} Kc6
{[%clk 0:04:21]} 44. Rb8 {[%clk 0:12:52]} Kc7 {[%clk 0:04:29]} 45. Rh8
{[%clk 0:13:00]} h5 {[%clk 0:04:36]} 46. Rh7 {[%clk 0:13:09]} Kb6 47. Rxf7
{[%clk 0:13:14]} Kb5 {[%clk 0:04:54]} 48. Rf6 {[%clk 0:13:18]} Kxb4
{[%clk 0:04:59]} 49. Rxg6 {[%clk 0:13:27]} h4 {[%clk 0:04:57]} 50. Rf6
{[%clk 0:13:33]} Kc5 {[%clk 0:05:05]} 51. Rxf5+ {[%clk 0:13:41]} Kd6
{[%clk 0:05:13]} 52. Rh5 {[%clk 0:13:50]} Ke6 {[%clk 0:05:21]} 53. Rxh4
{[%clk 0:13:59]} Kf5 {[%clk 0:05:29]} 54. Rg4 {[%clk 0:14:08]} Kf6
{[%clk 0:05:36]} 55. Kf3 {[%clk 0:14:17]} Kf5 {[%clk 0:05:44]} 56. h4
{[%clk 0:14:25]} Kf6 {[%clk 0:05:52]} 57. h5 {[%clk 0:14:33]} Kf5
{[%clk 0:06:01]} 58. h6 {[%clk 0:14:42]} Ke5 {[%clk 0:06:08]} 59. h7
{[%clk 0:14:50]} Kd5 {[%clk 0:06:09]} 60. h8=Q {[%clk 0:14:56]} Kc5
{[%clk 0:06:04]} 61. Qe5+ {[%clk 0:15:04]} Kc6 {[%clk 0:06:12]} 62. Rg6+
{[%clk 0:15:13]} Kd7 {[%clk 0:06:20]} 63. Qg7+ {[%clk 0:15:21]} Kd8
{[%clk 0:06:27]} 64. Ra6 {[%clk 0:15:28]} Kc8 {[%clk 0:06:34]} 65. Ra8#
{[%clk 0:15:27]} 1-0

[Event "MCR druzstev mladsich zaku 2016"]
[Site "Hradec Kralove"]
[Date "2016.06.12"]
[Round "9.12"]
[White "Vasinek (BSS F-M \"B\"), Martin"]
[Black "Kulasova (Novy Bor), Nikola"]
[Result "1-0"]
[BlackElo "1000"]
[WhiteElo "1425"]
[LiveChessVersion "1.4.8"]

1. e4 {[%clk 0:25:18]} e6 {[%clk 0:25:19]} 2. Nf3 {[%clk 0:25:23]} d5
{[%clk 0:25:28]} 3. e5 {[%clk 0:25:31]} Nc6 {[%clk 0:25:23]} 4. d4
{[%clk 0:25:35]} Bb4+ {[%clk 0:25:24]} 5. c3 {[%clk 0:25:42]} Be7
{[%clk 0:25:30]} 6. Be2 {[%clk 0:25:38]} Nh6 {[%clk 0:25:37]} 7. h3
{[%clk 0:25:38]} Nf5 {[%clk 0:25:17]} 8. g4 {[%clk 0:25:38]} Nh4 {[%clk 0:25:16]}
9. Bf4 {[%clk 0:25:33]} Nxf3+ {[%clk 0:25:18]} 10. Bxf3 {[%clk 0:25:39]} O-O
{[%clk 0:25:13]} 11. Qc2 {[%clk 0:25:39]} g6 {[%clk 0:25:09]} 12. Nd2
{[%clk 0:25:33]} Bd7 {[%clk 0:24:48]} 13. Nb3 {[%clk 0:25:29]} Bh4
{[%clk 0:23:58]} 14. Nc5 {[%clk 0:25:20]} Rb8 {[%clk 0:23:38]} 15. Nxd7
{[%clk 0:25:10]} Qxd7 {[%clk 0:23:37]} 16. g5 {[%clk 0:25:17]} Qe7
{[%clk 0:22:36]} 17. Qd2 {[%clk 0:25:17]} Na5 {[%clk 0:21:19]} 18. Be2
{[%clk 0:25:01]} Rbd8 {[%clk 0:20:45]} 19. Rg1 {[%clk 0:24:37]} Nc4 20. Bxc4
{[%clk 0:24:43]} dxc4 {[%clk 0:20:13]} 21. Rg4 {[%clk 0:24:25]} Bxf2+
{[%clk 0:18:43]} 22. Qxf2 {[%clk 0:23:28]} Rd5 {[%clk 0:17:45]} 23. Qh4
{[%clk 0:23:29]} h6 {[%clk 0:16:43]} 24. Qxh6 {[%clk 0:23:22]} Re8
{[%clk 0:16:05]} 25. Rh4 {[%clk 0:23:26]} f5 {[%clk 0:15:42]} 26. Qh8+
{[%clk 0:23:27]} Kf7 {[%clk 0:15:43]} 27. Rh7# 1-0

[Event "MCR druzstev mladsich zaku 2016"]
[Site "Hradec Kralove"]
[Date "2016.06.12"]
[Round "9.13"]
[White "Vojta (Polabiny A), Jakub"]
[Black "Kures (Loko Brno), Michael"]
[Result "1/2-1/2"]
[BlackElo "1633"]
[WhiteElo "1967"]
[LiveChessVersion "1.4.8"]

1. e4 {[%clk 0:25:18]} c5 {[%clk 0:25:19]} 2. Nc3 {[%clk 0:25:23]} Nc6
{[%clk 0:25:26]} 3. f4 {[%clk 0:25:31]} e6 {[%clk 0:25:19]} 4. Nf3
{[%clk 0:25:38]} Nge7 {[%clk 0:25:23]} 5. g3 {[%clk 0:25:42]} d5 {[%clk 0:25:31]}
6. d3 {[%clk 0:25:49]} d4 {[%clk 0:25:12]} 7. Ne2 {[%clk 0:25:43]} Ng6
{[%clk 0:24:44]} 8. Bg2 {[%clk 0:25:45]} e5 {[%clk 0:24:44]} 9. O-O
{[%clk 0:25:46]} Bd6 {[%clk 0:24:45]} 10. fxe5 {[%clk 0:22:02]} Ncxe5
{[%clk 0:24:31]} 11. Nf4 {[%clk 0:19:59]} Nxf3+ {[%clk 0:23:01]} 12. Qxf3
{[%clk 0:18:53]} Ne5 {[%clk 0:22:48]} 13. Qe2 {[%clk 0:17:50]} Bg4
{[%clk 0:22:44]} 14. Qf2 {[%clk 0:17:22]} O-O {[%clk 0:22:36]} 15. Nd5
{[%clk 0:17:19]} f5 {[%clk 0:20:12]} 16. Qe1 {[%clk 0:14:33]} fxe4
{[%clk 0:19:18]} 17. Qxe4 {[%clk 0:12:42]} Rxf1+ {[%clk 0:18:37]} 18. Kxf1
{[%clk 0:12:04]} Qf8+ {[%clk 0:17:49]} 19. Kg1 {[%clk 0:10:27]} Re8
{[%clk 0:16:30]} 20. Bd2 {[%clk 0:07:47]} Nf3+ {[%clk 0:16:02]} 21. Bxf3
{[%clk 0:07:55]} Rxe4 {[%clk 0:16:07]} 22. Bxe4 {[%clk 0:08:03]} Bh3
{[%clk 0:15:19]} 23. Nf4 {[%clk 0:08:00]} Bxf4 {[%clk 0:15:01]} 24. Bxf4
{[%clk 0:08:09]} b6 {[%clk 0:14:38]} 25. Bd5+ {[%clk 0:07:59]} Kh8
{[%clk 0:14:34]} 26. Re1 {[%clk 0:08:07]} Bd7 {[%clk 0:14:34]} 27. Rf1
{[%clk 0:07:40]} Bh3 {[%clk 0:13:46]} 28. Re1 {[%clk 0:07:13]} Bd7
{[%clk 0:13:40]} 29. Rf1 {[%clk 0:07:20]} Bh3 {[%clk 0:08:34]} 30. Re1
{[%clk 0:07:11]} Bd7 {[%clk 0:08:19]} 31. Be5 {[%clk 0:04:50]} h6
{[%clk 0:05:06]} 32. Rf1 {[%clk 0:03:13]} Qe7 {[%clk 0:02:55]} 33. Rf7
{[%clk 0:03:18]} Qxe5 {[%clk 0:02:44]} 34. Rf8+ {[%clk 0:03:14]} Kh7
{[%clk 0:02:40]} 35. Be4+ {[%clk 0:03:24]} g6 36. Rf7+ Kg8 {[%clk 0:02:48]} 37.
Rxd7 {[%clk 0:03:40]} Qf6 {[%clk 0:02:41]} 38. Rd5 {[%clk 0:01:58]} a5
{[%clk 0:02:14]} 39. Kg2 {[%clk 0:01:43]} Kf8 {[%clk 0:02:00]} 40. Rd7
{[%clk 0:01:26]} Qg5 {[%clk 0:01:35]} 41. Rb7 {[%clk 0:01:11]} Qd2+
{[%clk 0:01:33]} 42. Kh3 {[%clk 0:01:18]} Qxc2 {[%clk 0:01:24]} 43. Rxb6
{[%clk 0:01:27]} Qc1 {[%clk 0:01:07]} 44. Bxg6 {[%clk 0:01:08]} Qf1+
{[%clk 0:01:12]} 45. Kh4 {[%clk 0:01:17]} Qf2 {[%clk 0:01:03]} 46. h3
{[%clk 0:00:39]} Qe3 {[%clk 0:01:01]} 47. Kg4 {[%clk 0:00:30]} Qg5+
{[%clk 0:01:09]} 48. Kf3 {[%clk 0:00:38]} Qe3+ {[%clk 0:01:17]} 49. Kg2
{[%clk 0:00:39]} Qe2+ {[%clk 0:01:22]} 50. Kg1 {[%clk 0:00:39]} 1/2-1/2

[Event "MCR druzstev mladsich zaku 2016"]
[Site "Hradec Kralove"]
[Date "2016.06.12"]
[Round "9.14"]
[White "Hvozdovic (Loko Brno), Jan"]
[Black "Jirousek (Polabiny A), Jan"]
[Result "0-1"]
[BlackElo "1633"]
[WhiteElo "1600"]
[LiveChessVersion "1.4.8"]

1. e4 {[%clk 0:25:17]} c6 {[%clk 0:25:19]} 2. d4 {[%clk 0:25:25]} d5
{[%clk 0:25:27]} 3. exd5 {[%clk 0:25:33]} cxd5 {[%clk 0:25:35]} 4. Bd3
{[%clk 0:25:40]} Nc6 {[%clk 0:25:43]} 5. c3 {[%clk 0:25:47]} Nf6 {[%clk 0:25:49]}
6. Bf4 {[%clk 0:25:13]} g6 {[%clk 0:25:55]} 7. Nd2 {[%clk 0:24:41]} Bg7
{[%clk 0:26:00]} 8. Ngf3 {[%clk 0:24:33]} O-O {[%clk 0:25:56]} 9. O-O
{[%clk 0:24:26]} Bf5 {[%clk 0:26:03]} 10. Qc2 {[%clk 0:23:34]} Bxd3
{[%clk 0:26:08]} 11. Qxd3 {[%clk 0:23:36]} e6 {[%clk 0:25:58]} 12. Ne5
{[%clk 0:22:18]} Nxe5 {[%clk 0:25:03]} 13. Bxe5 {[%clk 0:22:08]} Qb6
{[%clk 0:24:24]} 14. Rab1 {[%clk 0:21:31]} a5 {[%clk 0:21:16]} 15. a3
{[%clk 0:19:52]} Qa6 {[%clk 0:20:36]} 16. Qf3 {[%clk 0:18:03]} Nd7
{[%clk 0:20:24]} 17. Bxg7 {[%clk 0:17:54]} Kxg7 {[%clk 0:20:32]} 18. Qe3
{[%clk 0:16:27]} Rfc8 {[%clk 0:19:39]} 19. Nf3 {[%clk 0:15:50]} Qd6
{[%clk 0:17:13]} 20. Rfe1 {[%clk 0:14:26]} a4 {[%clk 0:17:03]} 21. Qd3
{[%clk 0:13:08]} Ra6 {[%clk 0:16:05]} 22. Re2 {[%clk 0:11:48]} Qc7
{[%clk 0:15:53]} 23. Ne1 {[%clk 0:11:12]} Qc4 {[%clk 0:14:57]} 24. Qxc4
{[%clk 0:10:35]} Rxc4 {[%clk 0:09:48]} 25. Nd3 {[%clk 0:10:13]} Rc8
{[%clk 0:09:48]} 26. Nb4 {[%clk 0:10:05]} Rb6 {[%clk 0:09:47]} 27. Rd1
{[%clk 0:09:27]} Nb8 {[%clk 0:09:25]} 28. f3 {[%clk 0:09:20]} Nc6
{[%clk 0:09:11]} 29. Kf2 {[%clk 0:08:55]} Nxb4 {[%clk 0:08:58]} 30. cxb4
{[%clk 0:07:23]} Rbc6 {[%clk 0:09:05]} 31. Red2 {[%clk 0:06:59]} Rc2
{[%clk 0:07:52]} 32. Ke3 {[%clk 0:06:48]} b5 {[%clk 0:07:20]} 33. Kd3
{[%clk 0:06:18]} R2c4 {[%clk 0:07:13]} 34. Ke3 {[%clk 0:06:06]} Kf6
{[%clk 0:06:59]} 35. Rd3 {[%clk 0:06:04]} Ke7 {[%clk 0:05:30]} 36. g3
{[%clk 0:06:06]} Kd6 {[%clk 0:05:33]} 37. h4 {[%clk 0:05:56]} f6 {[%clk 0:05:41]}
38. R1d2 {[%clk 0:06:00]} h6 {[%clk 0:04:42]} 39. Rd1 {[%clk 0:06:06]} Rh8
{[%clk 0:04:08]} 40. Rc3 {[%clk 0:05:35]} Rxc3+ {[%clk 0:03:57]} 41. bxc3
{[%clk 0:05:43]} Rc8 {[%clk 0:04:01]} 42. Kd3 {[%clk 0:05:46]} Rg8
{[%clk 0:03:46]} 43. g4 {[%clk 0:05:37]} Rf8 {[%clk 0:03:21]} 44. Rg1
{[%clk 0:05:36]} e5 {[%clk 0:03:14]} 45. Re1 {[%clk 0:05:19]} Re8
{[%clk 0:03:23]} 46. Re2 {[%clk 0:05:12]} Rf8 {[%clk 0:02:58]} 47. Re3
{[%clk 0:04:41]} Re8 {[%clk 0:02:02]} 48. Re2 {[%clk 0:04:47]} Re7
{[%clk 0:02:09]} 49. Re3 {[%clk 0:04:54]} Rc7 {[%clk 0:01:58]} 50. Re1
{[%clk 0:04:20]} Re7 {[%clk 0:01:43]} 51. Re3 {[%clk 0:04:22]} Kd7
{[%clk 0:01:31]} 52. Re2 {[%clk 0:04:28]} Ke8 {[%clk 0:01:40]} 53. Re3
{[%clk 0:04:31]} Kf7 {[%clk 0:01:48]} 54. Re2 {[%clk 0:04:34]} Kg7
{[%clk 0:01:55]} 55. Re3 {[%clk 0:04:17]} h5 {[%clk 0:01:31]} 56. g5
{[%clk 0:04:18]} Kf7 {[%clk 0:01:01]} 57. Re2 {[%clk 0:04:04]} fxg5
{[%clk 0:00:48]} 58. dxe5 {[%clk 0:03:52]} gxh4 {[%clk 0:00:50]} 59. Kd4
{[%clk 0:04:00]} Ke6 {[%clk 0:00:55]} 60. Re3 {[%clk 0:03:48]} g5
{[%clk 0:00:53]} 61. Re2 {[%clk 0:03:50]} g4 {[%clk 0:00:50]} 62. Rf2
{[%clk 0:03:24]} Rf7 {[%clk 0:00:33]} 63. f4 {[%clk 0:03:21]} g3 {[%clk 0:00:33]}
64. Rg2 {[%clk 0:03:20]} Rxf4+ {[%clk 0:00:40]} 65. Ke3 {[%clk 0:03:27]} Rg4 66.
Kf3 {[%clk 0:03:22]} Kxe5 {[%clk 0:00:15]} 67. Re2+ {[%clk 0:03:17]} Re4
{[%clk 0:00:20]} 68. Rg2 {[%clk 0:03:09]} Rc4 {[%clk 0:00:24]} 69. Re2+
{[%clk 0:03:02]} Kd6 {[%clk 0:00:19]} 70. Re3 {[%clk 0:02:52]} Rg4
{[%clk 0:00:20]} 71. Re2 {[%clk 0:02:59]} h3 {[%clk 0:00:25]} 72. Re1
{[%clk 0:02:53]} h2 {[%clk 0:00:28]} 73. Kg2 {[%clk 0:02:53]} h4 {[%clk 0:00:17]}
74. Kh3 {[%clk 0:02:39]} Re4 {[%clk 0:00:18]} 75. Rd1 {[%clk 0:02:25]} Rc4
{[%clk 0:00:12]} 76. Rc1 {[%clk 0:02:05]} Rxc3 {[%clk 0:00:16]} 77. Ra1
{[%clk 0:02:06]} Rxa3 {[%clk 0:00:21]} 78. Rb1 {[%clk 0:02:12]} Rb3
{[%clk 0:00:27]} 79. Rc1 {[%clk 0:02:16]} a3 {[%clk 0:00:33]} 80. Kg2
{[%clk 0:02:14]} a2 {[%clk 0:00:35]} 81. Ra1 {[%clk 0:02:19]} Rb2+
{[%clk 0:00:37]} 82. Kh1 {[%clk 0:02:22]} Rb1+ {[%clk 0:00:31]} 0-1

[Event "MCR druzstev mladsich zaku 2016"]
[Site "Hradec Kralove"]
[Date "2016.06.12"]
[Round "9.15"]
[White "Ret (Polabiny A), Adam Josef"]
[Black "Faja (Loko Brno), Vilem"]
[Result "0-1"]
[BlackElo "1633"]
[WhiteElo "1460"]
[LiveChessVersion "1.4.8"]

1. d4 c5 2. d5 g6 3. c4 Bg7 4. Bf4 Bxb2 5. Nd2 Bxa1 6. Qxa1 Nf6 7. Qc3 d6 8. Ngf3
Nbd7 9. e4 a6 10. Bd3 Qc7 11. O-O b6 12. Re1 Rg8 13. e5 dxe5 14. Bxe5 Nxe5 15.
Nxe5 Bb7 16. Nef3 Kf8 17. Bc2 Rd8 18. h3 b5 19. Ne4 Nxe4 20. Bxe4 b4 21. Qe3 Rg7
22. Ng5 Qe5 23. Nf3 Qb2 24. Bb1 0-1